Degrassi Couples Quiz Stats

 Plays Quiz Updated Jan 9, 2020

Support Sporcle.
Go Orange.
Score 0/48 Timer 10:00
0 Plays Today
Male Female % Correct
SeanEmma
93.7%
J.T.Liberty
90.9%
CraigManny
83%
JimmyAshley
79.6%
CraigAshley
79.5%
J.T.Manny
77.9%
SeanEllie
77.8%
J.T.Mia
76.3%
SpinnerPaige
75%
PeterEmma
74.3%
JayManny
73.3%
MarcoEllie
70.9%
SpinnerManny
70.6%
PeterDarcy
68.8%
JimmyHazel
67.2%
JayAlex
65.1%
SpinnerJane
64.9%
LucasMia
64.1%
KCJenna
62.6%
PeterMia
62.1%
KellyEmma
61.2%
KCClare
60.9%
DeclanHolly J
60.6%
SavAnya
60%
Male Female % Correct
SavHolly J
59.5%
EliClare
58%
DannyMia
57.8%
DamianEmma
57.6%
MarcoDylan
57.4%
JohnnyAlli
54.9%
SpinnerDarcy
52.7%
GriffinPaige
51.8%
JesseEllie
51.3%
DrewAlli
50.1%
BlueHolly J
49.2%
DamianManny
48.8%
JessePaige
48%
RileyFiona
40.6%
RileyZane
40.3%
TobyKendra
35.8%
DannyLeia
29%
EliJulia
25.4%
JimmyTrina
24.8%
MarcoEric
21.8%
MarcoTim
21.4%
DannyChantay
19.9%
JayMel
11.2%
KellyGwyneth
6.7%

From the Vault

Christmas Movie Posters

by gloucester

Movies 6m
The best way to spread Christmas cheer is singing loud for all to hear.
Remove Ads.
Support Sporcle.
Get the best of Sporcle when you Go Orange. This ad-free experience offers more features, more stats, and more fun while also helping to support Sporcle. Thank you for becoming a member.

Show Comments

Extras

Top Quizzes Today


Score Distribution

Your Account Isn't Verified!

In order to create a playlist on Sporcle, you need to verify the email address you used during registration. Go to your Sporcle Settings to finish the process.

Report this User

Report this user for behavior that violates our Community Guidelines.

Details: